| 000 | 00589nam a2200193 i 4500 | ||
|---|---|---|---|
| 001 | 133486 | ||
| 003 | ES-MaACL | ||
| 007 | t| | ||
| 008 | 070816s1984 sp ||||1| spa d | ||
| 100 | 1 |
_aWolf, Christa. _9117222 |
|
| 245 | 1 | 0 |
_aNuestra infancia / _cChrista Wolf ; traducción de Manuel Olasagasti. |
| 260 |
_a[Madrid] : _bAlfaguara, _c[1984] |
||
| 300 |
_a433 p. ; _c22 cm. |
||
| 490 | 1 |
_aLiteratura Alfaguara ; _v146 |
|
| 700 | 1 |
_aOlasagasti, Manuel. _986664 |
|
| 830 | 0 |
_aLiteratura Alfaguara ; _v146 _9178100 |
|
| 852 |
_aES-MaACL _jL-7128 _bR.107813 |
||
| 999 |
_c133486 _d133486 |
||